| Tag |
First Indicator |
Second Indicator |
Subfields |
| LEADER |
00000pam a22000004a 4500 |
| 001 |
in00001702330 |
| 005 |
20210904063159.0 |
| 008 |
020604s2002 ne a b 001 0 eng |
| 010 |
|
|
|a 2002075705
|
| 015 |
|
|
|a GBA2-45691
|
| 019 |
|
|
|a 50176402
|
| 020 |
|
|
|a 9041118489 (hb : acid-free paper)
|
| 020 |
|
|
|z 90K6090498
|
| 035 |
|
|
|a (OCoLC)ocm48901537
|
| 040 |
|
|
|a DLC
|c DLC
|d YDX
|d EQO
|d OHX
|d UKM
|d TXA
|d UtOrBLW
|
| 042 |
|
|
|a pcc
|
| 043 |
|
|
|a e------
|
| 049 |
|
|
|a TXAM
|
| 050 |
0 |
0 |
|a KJE2855
|b .B555 2002
|
| 072 |
|
7 |
|a K
|2 lcco
|
| 082 |
0 |
0 |
|a 341.7/63/094
|2 21
|
| 100 |
1 |
|
|a Blanpain, R.
|q (Roger),
|d 1932-2016.
|
| 245 |
1 |
0 |
|a European labour law /
|c by Roger Blanpain.
|
| 250 |
|
|
|a 8th rev. ed.
|
| 264 |
|
1 |
|a The Hague ;
|a New York :
|b Kluwer Law International,
|c 2002.
|
| 300 |
|
|
|a 664 pages :
|b illustrations ;
|c 24 cm.
|
| 336 |
|
|
|a text
|b txt
|2 rdacontent
|
| 337 |
|
|
|a unmediated
|b n
|2 rdamedia
|
| 338 |
|
|
|a volume
|b nc
|2 rdacarrier
|
| 504 |
|
|
|a Includes bibliographical references (pages 623-628) and index.
|
| 650 |
|
0 |
|a Labor laws and legislation
|z European Union countries.
|
| 650 |
|
0 |
|a Employee rights
|z European Union countries.
|
| 938 |
|
|
|a Otto Harrassowitz
|b HARR
|n har025023315
|c 62.00 DEM
|
| 994 |
|
|
|a E0
|b TXA
|
| 948 |
|
|
|a cataloged
|b h
|c 2002/9/16
|d c
|e bwalker
|f 12:52:08 pm
|
| 999 |
|
|
|a MARS
|
| 999 |
f |
f |
|s ef0a8896-b9cf-33e3-a72b-47e9531faa3d
|i 5153397b-38cb-3100-9664-279eec1730aa
|t 0
|
| 952 |
f |
f |
|p ric
|a Texas A&M University
|b Rellis Campus
|c Joint Library Facility
|d Remote Storage
|t 0
|e KJE2855 .B555 2002
|h Library of Congress classification
|i unmediated -- volume
|m A14829123555
|
| 998 |
f |
f |
|a KJE2855 .B555 2002
|t 0
|l Remote Storage
|